Tilastot visalle Kenen Kirja? #5

Klikkaa tästä pelataksesi tätä visaa!

Yleistilastot

  • Tätä visaa on pelattu 42 kertaa
  • Keskiarvotulos 5 / 14

Vastaustilastot

KirjaAuthor% Oikein
Rikos ja rangaistusFjodor Dostojevski
77%
Ruusun nimiUmberto Eco
67%
OdysseusJames Joyce
63%
Nuoren tytön päiväkirjaAnne Frank
60%
Kolme sisartaAnton Tšehov
53%
OrjattaresiMargaret Atwood
40%
Kasvattitytön tarinaJane Austen
37%
Kissa kuumalla katollaTennessee Williams
33%
Twilight -sarjaStephanie Meyer
30%
Rikinkeltainen taivasKjell Westö
27%
Fifty ShadesE.L.James
23%
Kultainen muistikirjaDoris Lessing
20%
Hylkäämisen päivätElena Ferrante
7%
Laskelman allaSylvia Plath
0%

Tulosjakauma

Persentiili vastausten määrän mukaan

Jokaisen tuloksen saaneiden osuus

Tuloshistoriasi

Et ole pelannut tätä visaa